Statistics for Short Reaction Test

Click here to take the quiz!

General Stats

  • This quiz has been taken 134 times
  • The average score is 12 of 30

Answer Stats

HintAnswer% Correct
1818
57%
1010
50%
1111
47%
2929
47%
2121
45%
3030
45%
77
45%
1616
43%
2828
43%
55
43%
66
43%
1313
41%
2424
41%
88
41%
22
40%
2626
40%
44
40%
1212
36%
1414
36%
33
36%
1515
34%
2323
34%
1717
33%
2020
33%
99
33%
11
31%
1919
29%
2727
29%
2222
28%
2525
26%

Score Distribution

Percentile by Number Answered

Percent of People with Each Score

Your Score History

You have not taken this quiz